| 000 | 00839nam a22001577a 4500 | ||
|---|---|---|---|
| 003 | OSt | ||
| 005 | 20150927150154.0 | ||
| 008 | 150927b xxu||||| |||| 00| 0 eng d | ||
| 040 | _cRUA | ||
| 082 | _aATM.Sp PRE 2003 B058 Or.1 | ||
| 100 |
_91424 _aPRECH, RAMY. |
||
| 245 | _aObservation yield trial on maize hybrid variety DK 888 HQ 2000 and local variety A4 in wet season 2002, ការសិក្សាតាមដាន និងវាយតំលៃនៃការលូតលាស់ និងទិន្នផលពូជពោតក្រហម អ៊ីប្រីតពីរពូជគឺពូជ DK 888 HQ 2000 និងពូជក្នុងស្រុក A4 នារដូវវស្សាឆ្នាំ២០០២ | ||
| 260 |
_aPhnom Penh _bRUA _c2003 |
||
| 300 |
_a59p. _bill. _c29cm. |
||
| 942 |
_2ddc _cATMSP |
||
| 999 |
_c1339 _d1339 |
||